00469nam a22001577a 4500003000400000082001800004100002100022245004400043260004400087300000700131650001700138653001700155942001200172952011000184999001700294SGT a617.632bE21T aThakker, Rishabh aExpression of Tumor markers P/6, P53... aGurugram, HaryanabSGT Universityc2021 a70 aOral Surgery aOral Surgery 2ddccTH 00102ddc405171aFDbFDcREFd2024-06-26l0o617.632 E21TpDT1352r2024-06-26 00:00:00w2024-06-26yTH c23573d23573